|
|
|
|
| LEADER |
00000cam a22000004a 4500 |
| 001 |
musev2_76669 |
| 003 |
MdBmJHUP |
| 005 |
20230905051922.0 |
| 006 |
m o d |
| 007 |
cr||||||||nn|n |
| 008 |
200625s2020 alu o 00 0 eng d |
| 020 |
|
|
|a 9780817392987
|
| 020 |
|
|
|z 9780817320621
|
| 035 |
|
|
|a (OCoLC)1159900501
|
| 040 |
|
|
|a MdBmJHUP
|c MdBmJHUP
|
| 100 |
1 |
|
|a Silver, M. M.
|q (Matthew Mark),
|d 1961-
|e author.
|
| 245 |
1 |
0 |
|a Zionism and the Melting Pot :
|b Preachers, Pioneers, and Modern Jewish Politics /
|c M.M. Silver.
|
| 264 |
|
1 |
|a Tuscaloosa :
|b The University of Alabama Press,
|c [2020]
|
| 264 |
|
3 |
|a Baltimore, Md. :
|b Project MUSE,
|c 2020
|
| 264 |
|
4 |
|c ©[2020]
|
| 300 |
|
|
|a 1 online resource (367 pages).
|
| 336 |
|
|
|a text
|b txt
|2 rdacontent
|
| 337 |
|
|
|a computer
|b c
|2 rdamedia
|
| 338 |
|
|
|a online resource
|b cr
|2 rdacarrier
|
| 490 |
0 |
|
|a Jews and Judaism : history and culture
|
| 505 |
0 |
|
|a The Indeterminacy of Philosemitism and Antisemitism -- The Indeterminacy of Nationalism in Jewish Letters through the 1870s -- The Simmering Melting Pot: Indeterminacy in American Jewish Letters through the 1880s -- Preachers, Emissaries, and Pioneers: Zionism's Traditional Foundations -- Reform, Orthodox, and Conservative: Judaism and the Rise of Jewish Ideology -- Cultural Zionism or Altneuland: Ahad Ha'am, Herzl, and the Problem of Russian Jewish Modernization -- Uganda, Russian Jewish Modernization, and Jewish Ideology -- Out of the Crucible Came Canon: The Making of the Melting Pot -- Ben-Gurion at Sejera: The Second Aliyah and the Making of Jewish Ideology.
|
| 520 |
|
|
|a "Traces the roots of ideologies and outlooks that shape Jewish life in Israel and the United States today"--
|c Provided by publisher
|
| 588 |
|
|
|a Description based on print version record.
|
| 650 |
|
7 |
|a Zionism.
|2 fast
|0 (OCoLC)fst01184468
|
| 650 |
|
0 |
|a Zionism
|z United States
|x History.
|
| 650 |
|
0 |
|a Zionism.
|
| 651 |
|
7 |
|a United States.
|2 fast
|0 (OCoLC)fst01204155
|
| 655 |
|
7 |
|a History.
|2 fast
|0 (OCoLC)fst01411628
|
| 655 |
|
7 |
|a Electronic books.
|2 local
|
| 710 |
2 |
|
|a Project Muse.
|e distributor
|
| 830 |
|
0 |
|a Book collections on Project MUSE.
|
| 856 |
4 |
0 |
|z Texto completo
|u https://projectmuse.uam.elogim.com/book/76669/
|
| 945 |
|
|
|a Project MUSE - Custom Collection
|
| 945 |
|
|
|a Project MUSE - 2020 Complete
|
| 945 |
|
|
|a Project MUSE - 2020 Philosophy and Religion
|
| 945 |
|
|
|a Project MUSE - 2020 Jewish Studies
|